Statistics for Cities Starting with K in Chinese Pinyin

Click here to take the quiz!

General Stats

  • This quiz has been taken 9 times
  • The average score is 9 of 10

Answer Stats

HintAnswer% Correct
Kāi LuóCairo
100%
Kǎ Sà Bù Lán KǎCasablanca
100%
Kē Lún PōColombo
100%
Kǎ Lā QíKarachi
100%
Kā Tǔ MùKhartoum
100%
Kān Péi LāCanberra
89%
Kāi Pǔ DūnCape Town
89%
Kē LóngCologne
89%
Kē Wēi Tè ChéngKuwait City
89%
Kā Bù ĚrKabul
78%

Score Distribution

Percentile by Number Answered

Percent of People with Each Score

Your Score History

You have not taken this quiz